000 00659nam a2200229 i 4500
001 C2-0083518
003 PPAK
005 20180727085519.0
008 970429s1990 at a|||| ||||| | eng d
040 _aPPAK
_beng
_cPPAK
_erda
082 0 4 _a746.442
_223
090 0 0 _a746.442
_bMIT
_dR
100 1 _aMitrofanis, Effie,
_eauthor
245 1 0 _aCreative canvas embroidery
264 1 _aBrookvale, New South Wales, Australia :
_bSimon & Schuster ,
_c1990
300 _a95 pages :
_billustrations ;
_c28 cm
336 _2rdacontent
_atext
337 _2rdamedia
_aunmediated
338 _2rdacarrier
_avolume
650 1 0 _aCanvas embroidery
942 _ddc
_cB
999 _c15930
_d15930